<?xml version="1.0" encoding="UTF-8"?>
<record
    xmlns:xsi="http://www.w3.org/2001/XMLSchema-instance"
    xsi:schemaLocation="http://www.loc.gov/MARC21/slim http://www.loc.gov/standards/marcxml/schema/MARC21slim.xsd"
    xmlns="http://www.loc.gov/MARC21/slim">

  <leader>01267nam2a22002531  4500</leader>
  <controlfield tag="001">RU\NLR\INFOCOMM18\1000033322</controlfield>
  <controlfield tag="005">20250616233043.0</controlfield>
  <datafield tag="035" ind1=" " ind2=" ">
    <subfield code="a">(NLR Aleph) 002280368</subfield>
  </datafield>
  <datafield tag="090" ind1=" " ind2=" ">
    <subfield code="a">4036174</subfield>
    <subfield code="c">4036174</subfield>
  </datafield>
  <datafield tag="100" ind1=" " ind2=" ">
    <subfield code="a">20031128d1903    |||y0rusy50      ca</subfield>
  </datafield>
  <datafield tag="101" ind1="0" ind2=" ">
    <subfield code="a">rus</subfield>
  </datafield>
  <datafield tag="102" ind1=" " ind2=" ">
    <subfield code="a">RU</subfield>
  </datafield>
  <datafield tag="105" ind1=" " ind2=" ">
    <subfield code="a">y   |||||||||</subfield>
  </datafield>
  <datafield tag="200" ind1="1" ind2=" ">
    <subfield code="a">&#x41E;&#x442;&#x447;&#x435;&#x442; &#x43E; &#x43F;&#x435;&#x440;&#x432;&#x43E;&#x43C; &#x43F;&#x43E; &#x41E;&#x442;&#x434;&#x435;&#x43B;&#x435;&#x43D;&#x438;&#x44E; &#x440;&#x443;&#x441;&#x441;&#x43A;&#x43E;&#x433;&#x43E; &#x44F;&#x437;&#x44B;&#x43A;&#x430; &#x438; &#x441;&#x43B;&#x43E;&#x432;&#x435;&#x441;&#x43D;&#x43E;&#x441;&#x442;&#x438; &#x410;&#x43A;&#x430;&#x434;&#x435;&#x43C;&#x438;&#x438; &#x43D;&#x430;&#x443;&#x43A; &#x43F;&#x440;&#x438;&#x441;&#x443;&#x436;&#x434;&#x435;&#x43D;&#x438;&#x438; &#x43F;&#x440;&#x435;&#x43C;&#x438;&#x439; &#x43C;&#x438;&#x442;&#x440;&#x43E;&#x43F;&#x43E;&#x43B;&#x438;&#x442;&#x430; &#x41C;&#x430;&#x43A;&#x430;&#x440;&#x438;&#x44F;</subfield>
    <subfield code="f">&#x427;&#x438;&#x442;. ... &#x410;.&#x41D;. &#x412;&#x435;&#x441;&#x435;&#x43B;&#x43E;&#x432;&#x441;&#x43A;&#x438;&#x43C;</subfield>
  </datafield>
  <datafield tag="210" ind1=" " ind2=" ">
    <subfield code="d">1903</subfield>
    <subfield code="a">&#x411;. &#x43C;.</subfield>
  </datafield>
  <datafield tag="461" ind1=" " ind2="0">
    <subfield code="1">001RU\NLR\INFOCOMM18\1000033037</subfield>
    <subfield code="1">2001#$a&#x421;&#x431;&#x43E;&#x440;&#x43D;&#x438;&#x43A; &#x41E;&#x442;&#x434;&#x435;&#x43B;&#x435;&#x43D;&#x438;&#x44F; &#x440;&#x443;&#x441;&#x441;&#x43A;&#x43E;&#x433;&#x43E; &#x44F;&#x437;&#x44B;&#x43A;&#x430; &#x438; &#x441;&#x43B;&#x43E;&#x432;&#x435;&#x441;&#x43D;&#x43E;&#x441;&#x442;&#x438; &#x410;&#x43A;&#x430;&#x434;&#x435;&#x43C;&#x438;&#x438; &#x43D;&#x430;&#x443;&#x43A; &#x421;&#x421;&#x421;&#x420;$v&#x422;.73, &#x2116;3</subfield>
    <subfield code="9">4033613</subfield>
    <subfield code="a">&#x410;&#x41D; &#x421;&#x421;&#x421;&#x420;. &#x41E;&#x442;&#x434;&#x435;&#x43B;&#x435;&#x43D;&#x438;&#x435; &#x440;&#x443;&#x441;&#x441;&#x43A;&#x43E;&#x433;&#x43E; &#x44F;&#x437;&#x44B;&#x43A;&#x430; &#x438; &#x441;&#x43B;&#x43E;&#x432;&#x435;&#x441;&#x43D;&#x43E;&#x441;&#x442;&#x438;</subfield>
    <subfield code="c">&#x41B;.</subfield>
    <subfield code="d">1867-1928</subfield>
    <subfield code="t">&#x421;&#x431;&#x43E;&#x440;&#x43D;&#x438;&#x43A; &#x41E;&#x442;&#x434;&#x435;&#x43B;&#x435;&#x43D;&#x438;&#x44F; &#x440;&#x443;&#x441;&#x441;&#x43A;&#x43E;&#x433;&#x43E; &#x44F;&#x437;&#x44B;&#x43A;&#x430; &#x438; &#x441;&#x43B;&#x43E;&#x432;&#x435;&#x441;&#x43D;&#x43E;&#x441;&#x442;&#x438; &#x410;&#x43A;&#x430;&#x434;&#x435;&#x43C;&#x438;&#x438; &#x43D;&#x430;&#x443;&#x43A; &#x421;&#x421;&#x421;&#x420;</subfield>
    <subfield code="v">&#x422;.73, &#x2116;3</subfield>
  </datafield>
  <datafield tag="700" ind1=" " ind2="1">
    <subfield code="a">&#x412;&#x435;&#x441;&#x435;&#x43B;&#x43E;&#x432;&#x441;&#x43A;&#x438;&#x439;</subfield>
    <subfield code="b">&#x410;.&#x41D;.</subfield>
    <subfield code="4">070</subfield>
  </datafield>
  <datafield tag="801" ind1=" " ind2="1">
    <subfield code="a">RU</subfield>
    <subfield code="b">InfoComm</subfield>
    <subfield code="c">20031128</subfield>
  </datafield>
  <datafield tag="801" ind1=" " ind2="0">
    <subfield code="a">RU</subfield>
    <subfield code="b">NLR</subfield>
    <subfield code="g">PSBO</subfield>
  </datafield>
  <datafield tag="852" ind1=" " ind2=" ">
    <subfield code="a">NLR</subfield>
    <subfield code="j">&#x41F;34/278</subfield>
  </datafield>
  <datafield tag="942" ind1=" " ind2=" ">
    <subfield code="c">ISSUE</subfield>
  </datafield>
  <datafield tag="980" ind1=" " ind2=" ">
    <subfield code="a">NB</subfield>
  </datafield>
  <datafield tag="980" ind1=" " ind2=" ">
    <subfield code="a">RUSPER</subfield>
  </datafield>
</record>
